000 00734nam a22002417a 4500
001 85828
003 UA-OsUOA
005 20211118222548.0
007 ta
008 20120716b un ||||| |||| 00| 0 ukr d
020 _a9665780824
040 _aUA-OsUOA
_bukr
_cUA-OsUOA
_dUA-OsUOA
041 _aukr
080 _a94(477) "17"
090 _a94(477) "17"
_bТ44
245 _aТисяча років української суспільно-політичної думки
_nкн. 1
260 _aК.
_bДніпро
_c2001
300 _a520 с.
650 7 _a9 Географія. Біографії. Історія
_2UDC
942 _cBK
_2udc
955 _a1
999 _c372169
_d372169